000 00641nam a22002537a 4500
001 26441
003 UA-OsUOA
005 20210916111004.0
007 ta
008 20040602b un ||||| |||| 00| 0 ukr d
020 _a5-02-000206-2
040 _aUA-OsUOA
_brus
_cUA-OsUOA
_dUA-OsUOA
041 _arus
044 _aRU
080 _a520.1
090 _a520.1
_bИ33
245 _aИстория Крымской астрофизической обсерватории
260 _aМосква
_bНаука
_c1991
300 _a280 с.
_bІлюстрації
505 _gТ. 83
650 7 _2UDC
942 _cBK
_2udc
955 _a0
999 _c312764
_d312764